000 01598nam a2200457 a 4500
001 21062
003 VRT
005 20260211123548.0
008 200205s2017 xr a b 000 j slo
015 _aSNBZSA2017/07
020 _a9788074516153
_q(viazané)
035 _aurn:nbn:sk:snk-am00d7ph
035 _aurn:nbn:sk:snk-am3hsi4
035 _aF4CC5741-CCD5-4470-B56A-73DEEA7CFDB8
039 9 _a202002051819
_bVLOAD
_c201707131341
_dmskpk06
_c201707031126
_dmsnk131
_c201706291429
_dmsllk01
040 _aPPPK
_bslo
_cPPPK
_dSNK
_eAACR2
041 1 _aslo
_hita
044 _axr
_cCZ
072 7 _a821.131.1-3
_xTalianska próza
_2konspekt
072 7 _a821-93
_xLiteratúra pre deti a mládež (beletria)
_2konspekt
080 _a821.131.1-32
_22011
080 _a82-93-053.2
_22011
240 0 0 _aGrande libro delle Principesse, Grande libro delle Fate, Grande libro delle Streghe
_lSlovensky
245 0 0 _aO vílach a princeznách
_c[z talianskeho originálu ... preložila Michaela Hrudová]
260 _aPraha
_bOttovo nakladatelství
_c2017
300 _a95 s.
_bilustr.
_c29 cm
490 1 _aPrvé čítanie
655 7 _atalianske príbehy
_2SNKPH
655 7 _apublikácie pre deti
_2SNKPH
655 7 _aItalian stories
_2SNKPHeng
655 7 _aChildren's literature
_2SNKPHeng
700 1 _aHrudová, Michaela
_4trl
830 0 _aPrvé čítanie
910 _apppk
910 _asnk
910 _ahevk
910 _asllk
910 _askpk
942 _2ddc
_cKLDE
_n0
949 _617A1260230
_asnkSB 91657
_bsnk2017/14648
_oPemic17-ah/18Int. č. fa – 16/2017
_s6100:20171211
999 _c21062
_d21062